| 000 | 00833nam a2200241 a 4500 | ||
|---|---|---|---|
| 008 | |||
| 020 | _a0878938478 (pbk.) | ||
| 049 | _aMAIN | ||
| 090 |
_aQH541.15.572 _bTUR |
||
| 100 | 1 | _aTurchin, Peter. | |
| 245 | 1 | 0 |
_aQuantitative analysis of movement : _bmeasuring and modeling population redistribution in animals and plants / _cPeter Turchin. |
| 260 |
_aSunderland, Mass. : _bSinauer Associates, _cc1998. |
||
| 300 |
_aix, 396 p. : _bill. ; _c23 cm. |
||
| 504 | _aIncludes bibliographical references. | ||
| 500 | _aIncludes index. | ||
| 650 | 0 |
_aSpatial ecology _xMathematical models. |
|
| 650 | 0 |
_aPopulation biology _xMathematical models. |
|
| 907 |
_a.b10014287 _b08-05-12 _c17-04-03 |
||
| 003 | |||
| 005 | 20230123133129.0 | ||
| 040 | _cNUST | ||
| 942 |
_cBOOKS _kQH541.15.572 _mTUR |
||
| 999 |
_c143255 _d143255 |
||